Problém migrácie a jej vplyv na súčasný politicko-hospodársky vývoj vybraných krajín Európy
Fenomén zahraničnej migrácie sa svojimi rôznorodými dopadmi čoraz viac zaraďuje medzi globálne problémy ľudstva. Príčiny migrácie. Dopady migrácie - cieľové krajiny, krajiny pôvodu. Situácia vo vybraných krajinách Európy - Španielsko, Ruská federácia, Francúzsko, Holandsko.
Salvato in:
| Autore principale: | |
|---|---|
| Altri autori: | |
| Natura: | Capitolo di libro |
| Lingua: | slovacco |
| Soggetti: | |
| Tags: |
Nessun Tag, puoi essere il primo ad aggiungerne!!
|
MARC
| LEADER | 00000naa$a2200000$$$4500 | ||
|---|---|---|---|
| 001 | 0050039 | ||
| 005 | 20240502071557.5 | ||
| 041 | 0 | |a slo | |
| 044 | |a SK | ||
| 245 | 1 | 0 | |a Problém migrácie a jej vplyv na súčasný politicko-hospodársky vývoj vybraných krajín Európy |c Ľubomíra Krausová, Otília Zorkóciová |
| 520 | |a Fenomén zahraničnej migrácie sa svojimi rôznorodými dopadmi čoraz viac zaraďuje medzi globálne problémy ľudstva. Príčiny migrácie. Dopady migrácie - cieľové krajiny, krajiny pôvodu. Situácia vo vybraných krajinách Európy - Španielsko, Ruská federácia, Francúzsko, Holandsko. | ||
| 610 | 2 | 0 | |a migrácia |
| 610 | 2 | 0 | |a vývoj politický |
| 610 | 2 | 0 | |a vývoj hospodársky |
| 610 | 2 | 0 | |a Španielsko |
| 610 | 2 | 0 | |a Rusko |
| 610 | 2 | 0 | |a Francúzsko |
| 610 | 2 | 0 | |a Holandsko |
| 100 | 1 | |a Krausová, Ľubomíra | |
| 700 | 1 | |a Zorkóciová, Otília, 1954- | |